000 00429 a2200157 4500
999 _c6980
_d6980
020 _a9781890951788
050 _aBD 220 DAS 2007
100 _aDaston, Lorraine
_eauthor
245 _aObjectivity/
_cLorraine Daston & Peter Galison
264 _aNew York:
_bZone Books,
_c2007
300 _a501p.:
_bill.
500 _aIncludes index
650 _aObjectivity
700 _aGalison, Peter
_eauthor
942 _2lcc
_cBK
_h220
_iDAS
_kBD